[Event "2. Bundesliga Ost 2014/2015"]
[Site "1020 Wien, Haus des Schachsports, Marathonweg 14"]
[Date "2015.01.24"]
[Round "6"]
[Board "4"]
[White "Petran, Peter"]
[Black "Liedl, Wolfgang"]
[Result "1-0"]
[WhiteElo "2330"]
[BlackElo "2226"]
[PlyCount "71"]
[EventDate "2014.10.18"]
[EventType "team"]
[EventRounds "11"]
[EventCountry "AUT"]
[WhiteTeam "ASVOE Mattersburg"]
[BlackTeam "SK Austria"]

1. c4 e5 2. Nc3 Nf6 3. g3 d5 4. cxd5 Nxd5 5. Bg2 Nb6 6. Nf3 Nc6 7. O-O Be7 8.
a3 O-O 9. b4 Be6 10. Rb1 f6 11. d3 a5 12. b5 Nd4 13. e3 Nxf3+ 14. Bxf3 Rb8 15.
Qc2 a4 16. Rd1 Bb3 17. Rxb3 axb3 18. Qxb3+ Kh8 19. a4 Nd7 20. Qc4 b6 21. d4 f5
22. Bc6 e4 23. Qe6 Nf6 24. Qxf5 Qd6 25. Nxe4 Qb4 26. Nxf6 Rxf6 27. Qc2 Rbf8 28.
f4 Rd6 29. Bd2 Qa3 30. Bc3 Re6 31. Ra1 Qd6 32. e4 Rg6 33. e5 Qe6 34. Be4 Rh6
35. Be1 Qg4 36. Bg2 1-0

[Event "2. Bundesliga Ost 2014/2015"]
[Site "1020 Wien, Haus des Schachsports, Marathonweg 14"]
[Date "2015.01.24"]
[Round "6"]
[Board "5"]
[White "Higatsberger, Michael"]
[Black "Brod, Manfred"]
[Result "1/2-1/2"]
[WhiteElo "2137"]
[BlackElo "2266"]
[PlyCount "57"]
[EventDate "2014.10.18"]
[EventType "team"]
[EventRounds "11"]
[EventCountry "AUT"]
[WhiteTeam "SK Austria"]
[BlackTeam "ASVOE Mattersburg"]

1. e4 c5 2. Nf3 g6 3. Bc4 Bg7 4. c3 e6 5. d4 cxd4 6. cxd4 d5 7. Bb5+ Bd7 8.
Bxd7+ Nxd7 9. e5 Ne7 10. Nc3 O-O 11. O-O a6 12. Bg5 h6 13. Bd2 Nc6 14. Ne2 b5
15. Nf4 Qb6 16. Be3 a5 17. Qd2 Rfc8 18. Rfc1 a4 19. Nd3 Kh7 20. b4 axb3 21.
axb3 Bf8 22. b4 Ra4 23. Nc5 Nxc5 24. bxc5 Qa6 25. Rxa4 bxa4 26. h4 Rb8 27. Ra1
Rb7 28. Kh2 Ra7 29. h5 1/2-1/2

[Event "2. Bundesliga Ost 2014/2015"]
[Site "1020 Wien, Haus des Schachsports, Marathonweg 14"]
[Date "2015.01.24"]
[Round "6"]
[Board "6"]
[White "Wiedner, Robert"]
[Black "Rogetzer, Klaus"]
[Result "1/2-1/2"]
[WhiteElo "2183"]
[BlackElo "2111"]
[PlyCount "50"]
[EventDate "2014.10.18"]
[EventType "team"]
[EventRounds "11"]
[EventCountry "AUT"]
[WhiteTeam "ASVOE Mattersburg"]
[BlackTeam "SK Austria"]

1. Nf3 c6 2. b3 d5 3. e3 Bg4 4. Ba3 Nd7 5. Be2 Ngf6 6. O-O g6 7. d4 Bg7 8. Nbd2
O-O 9. h3 Bxf3 10. Nxf3 Ne4 11. Qd3 Qc7 12. Rfc1 Rfe8 13. c4 Qa5 14. b4 Qb6 15.
Rab1 a6 16. Bd1 Rad8 17. b5 cxb5 18. cxb5 a5 19. Rc2 Rc8 20. Be2 Rxc2 21. Qxc2
Nd6 22. Qa4 Rc8 23. Rc1 Rxc1+ 24. Bxc1 Qc7 25. Bd2 b6 1/2-1/2

[Event "2. Bundesliga Ost 2014/2015"]
[Site "1020 Wien, Haus des Schachsports, Marathonweg 14"]
[Date "2015.01.24"]
[Round "6"]
[Board "1"]
[White "Poetsch, Hagen"]
[Black "Stanec, Nikolaus"]
[Result "1/2-1/2"]
[WhiteElo "2504"]
[BlackElo "2492"]
[PlyCount "66"]
[EventDate "2014.10.18"]
[EventType "team"]
[EventRounds "11"]
[EventCountry "AUT"]
[WhiteTeam "SK Advisory Invest Baden"]
[BlackTeam "SC Donaustadt"]

1. e4 d5 2. exd5 Nf6 3. d4 Nxd5 4. Nf3 g6 5. c4 Nf6 6. Nc3 Bg7 7. Be2 O-O 8.
O-O c6 9. Bf4 Bf5 10. Qb3 Qb6 11. Qa3 Nbd7 12. Rfd1 Qd8 13. Nh4 Bg4 14. Bxg4
Nxg4 15. Nf3 Ngf6 16. d5 cxd5 17. cxd5 Nb6 18. d6 exd6 19. Rxd6 Qc8 20. Qb3 Ne8
21. Nd5 Nxd5 22. Rxd5 Nf6 23. Rb5 b6 24. h3 Re8 25. Rc1 Qe6 26. Qxe6 Rxe6 27.
Re5 Rxe5 28. Bxe5 Nd5 29. Rd1 Rd8 30. Bxg7 Kxg7 31. Ne5 Rd6 32. Nc4 Rc6 33.
Rxd5 Rxc4 1/2-1/2

[Event "2. Bundesliga Ost 2014/2015"]
[Site "1020 Wien, Haus des Schachsports, Marathonweg 14"]
[Date "2015.01.24"]
[Round "6"]
[Board "2"]
[White "Pingitzer, Harald"]
[Black "Siebrecht, Sebastian"]
[Result "1-0"]
[WhiteElo "2269"]
[BlackElo "2463"]
[PlyCount "97"]
[EventDate "2014.10.18"]
[EventType "team"]
[EventRounds "11"]
[EventCountry "AUT"]
[WhiteTeam "SC Donaustadt"]
[BlackTeam "SK Advisory Invest Baden"]

1. Nf3 c5 2. c3 Nf6 3. d4 e6 4. Nbd2 d5 5. e3 Nc6 6. Bd3 Bd6 7. g4 h6 8. Rg1 g5
9. dxc5 Bxc5 10. b4 Bd6 11. Bb2 e5 12. e4 Qe7 13. exd5 Nxd5 14. Ne4 Nf4 15. b5
Na5 16. Bf1 Bc5 17. Qa4 b6 18. O-O-O Bb7 19. Rg3 O-O 20. Rd7 Qe6 21. Nxc5 bxc5
22. Nxe5 Bc8 23. Rd1 Qxe5 24. Qxa5 c4 25. Re3 Qf6 26. Ba3 Bxg4 27. f3 Be6 28.
Bxf8 Rxf8 29. Qxa7 Qf5 30. Qb7 Qc5 31. Rxe6 Nxe6 32. Qc6 Qa3+ 33. Kb1 Qxc3 34.
Bxc4 Qb4+ 35. Kc2 Qa4+ 36. Bb3 Nd4+ 37. Rxd4 Qxd4 38. Qg6+ Qg7 39. Qxg7+ Kxg7
40. a4 Kf6 41. Kc3 Ke5 42. a5 f5 43. Kb4 Kd6 44. a6 f4 45. a7 h5 46. b6 Kc6 47.
Ka5 g4 48. Bd5+ Kxd5 49. b7 1-0

[Event "2. Bundesliga Ost 2014/2015"]
[Site "1020 Wien, Haus des Schachsports, Marathonweg 14"]
[Date "2015.01.24"]
[Round "6"]
[Board "3"]
[White "Tuncer, Ufuk"]
[Black "Kummer, Helmut"]
[Result "1-0"]
[WhiteElo "2322"]
[BlackElo "2354"]
[PlyCount "151"]
[EventDate "2014.10.18"]
[EventType "team"]
[EventRounds "11"]
[EventCountry "AUT"]
[WhiteTeam "SK Advisory Invest Baden"]
[BlackTeam "SC Donaustadt"]

1. e4 e5 2. Nf3 Nf6 3. Nxe5 d6 4. Nf3 Nxe4 5. Nc3 Nxc3 6. dxc3 Be7 7. Be3 Nd7
8. Qd2 O-O 9. O-O-O Nc5 10. Kb1 Be6 11. Nd4 Qd7 12. Be2 a6 13. Nxe6 Qxe6 14.
Bf3 Bf6 15. Rhe1 Qc4 16. Bd4 Bxd4 17. cxd4 Ne6 18. Bxb7 Rab8 19. Be4 Rfe8 20.
c3 Qb5 21. Bd3 Qd5 22. f4 Nf8 23. g3 a5 24. Rxe8 Rxe8 25. Re1 Rb8 26. Qe2 Qc6
27. Ka1 d5 28. Bf5 Qb6 29. Qf2 Qf6 30. Re5 g6 31. Bh3 a4 32. a3 Qb6 33. Qc2 c6
34. Re2 Qb5 35. f5 Qa6 36. Qd1 Qa5 37. Qd2 Qd8 38. Qd1 Rb3 39. Qd2 Nd7 40. fxg6
hxg6 41. Bxd7 Qxd7 42. Qf4 Rb7 43. g4 Kg7 44. h4 Qc7 45. Qf3 Qd6 46. Qe3 Rb8
47. h5 Rh8 48. hxg6 Qxg6 49. Qe5+ Kg8 50. Re1 Rh4 51. g5 Rh5 52. Rg1 Kh7 53.
Qe7 Kg7 54. Ka2 Rh4 55. Rf1 Re4 56. Qd8 Rh4 57. Rf2 Rh1 58. Qf6+ Qxf6 59. gxf6+
Kf8 60. b3 axb3+ 61. Kxb3 Rb1+ 62. Kc2 Rb5 63. a4 Ra5 64. Kb3 c5 65. Rf5 cxd4
66. cxd4 Ra6 67. Kb4 Ke8 68. Re5+ Kd7 69. Rxd5+ Ke6 70. Rh5 Rb6+ 71. Rb5 Rd6
72. Kc5 Rd5+ 73. Kc4 Rd6 74. a5 Rc6+ 75. Kb4 Rc1 76. a6 1-0

[Event "2. Bundesliga Ost 2014/2015"]
[Site "1020 Wien, Haus des Schachsports, Marathonweg 14"]
[Date "2015.01.24"]
[Round "6"]
[Board "4"]
[White "Petroczi, Thomas"]
[Black "Juenger, Heinz"]
[Result "1/2-1/2"]
[WhiteElo "2210"]
[BlackElo "2110"]
[PlyCount "105"]
[EventDate "2014.10.18"]
[EventType "team"]
[EventRounds "11"]
[EventCountry "AUT"]
[WhiteTeam "SC Donaustadt"]
[BlackTeam "SK Advisory Invest Baden"]

1. d4 Nf6 2. g3 g6 3. Bg2 d5 4. Nf3 Bg7 5. O-O O-O 6. c4 dxc4 7. Ne5 Nc6 8.
Nxc6 bxc6 9. Bxc6 Bh3 10. Bg2 Bxg2 11. Kxg2 Qd5+ 12. f3 Rfd8 13. Nc3 Qxd4 14.
Qxd4 Rxd4 15. Be3 Rdd8 16. Rac1 e6 17. Nb5 Nd5 18. Bf2 Rdb8 19. a4 a6 20. Nd4
c5 21. Nc6 Rxb2 22. Rxc4 Rxe2 23. Kg1 Rc8 24. Rxc5 Rxf2 25. Rxf2 Bd4 26. Rxd5
Bxf2+ 27. Kxf2 Rxc6 28. Rd8+ Kg7 29. Ra8 Kf6 30. Ke3 Ke5 31. Ra7 f5 32. f4+ Kf6
33. Kd4 h6 34. h4 Rd6+ 35. Kc5 Rd5+ 36. Kb6 Rd6+ 37. Kc7 Ke7 38. Kb7 Rd3 39.
Rxa6 Rxg3 40. Rb6 g5 41. hxg5 hxg5 42. fxg5 Rxg5 43. a5 f4 44. a6 Kf6 45. a7
Rg7+ 46. Ka6 Rxa7+ 47. Kxa7 Ke5 48. Rb1 f3 49. Kb6 Kd4 50. Rf1 Ke3 51. Re1+ Kd2
52. Rxe6 f2 53. Rf6 1/2-1/2

[Event "2. Bundesliga Ost 2014/2015"]
[Site "1020 Wien, Haus des Schachsports, Marathonweg 14"]
[Date "2015.01.24"]
[Round "6"]
[Board "5"]
[White "Zojer, Stefan"]
[Black "Karlusch, Albrecht"]
[Result "1-0"]
[WhiteElo "2093"]
[BlackElo "2129"]
[PlyCount "25"]
[EventDate "2014.10.18"]
[EventType "team"]
[EventRounds "11"]
[EventCountry "AUT"]
[WhiteTeam "SK Advisory Invest Baden"]
[BlackTeam "SC Donaustadt"]

1. e4 e6 2. d4 d5 3. Nc3 Bb4 4. exd5 exd5 5. Bd3 Nf6 6. Bg5 O-O 7. Nge2 c5 8.
dxc5 Re8 9. O-O Bg4 10. Bxf6 gxf6 11. Nxd5 Bxc5 12. Qd2 Nc6 13. Qh6 1-0

[Event "2. Bundesliga Ost 2014/2015"]
[Site "1020 Wien, Haus des Schachsports, Marathonweg 14"]
[Date "2015.01.24"]
[Round "6"]
[Board "6"]
[White "Schwab, Lukas"]
[Black "Fieberg, Samuel"]
[Result "1-0"]
[WhiteElo "1876"]
[BlackElo "2020"]
[PlyCount "77"]
[EventDate "2014.10.18"]
[EventType "team"]
[EventRounds "11"]
[EventCountry "AUT"]
[WhiteTeam "SC Donaustadt"]
[BlackTeam "SK Advisory Invest Baden"]

1. e4 c5 2. Nf3 d6 3. d4 cxd4 4. Nxd4 Nf6 5. Nc3 a6 6. Qf3 Qc7 7. h3 g6 8. g4
Bg7 9. Be3 h6 10. O-O-O b5 11. e5 Bb7 12. exf6 Bxf3 13. fxg7 Rg8 14. Nxf3 Rxg7
15. Bg2 Nd7 16. Nd4 Rc8 17. Rhe1 e6 18. Bxh6 Rh7 19. Nxe6 fxe6 20. Rxe6+ Kf7
21. Rexd6 Kg8 22. Bf4 Kh8 23. Bg3 b4 24. Rxd7 Rxd7 25. Bxc7 Rdxc7 26. Ne4 Rxc2+
27. Kb1 a5 28. Rf1 a4 29. Nc3 b3 30. axb3 axb3 31. Be4 Rd2 32. Bxg6 Kg7 33. Be4
Rh8 34. Kc1 Rd6 35. Rd1 Ra6 36. Rd3 Kf6 37. f4 Rc8 38. Kd2 Kg7 39. Bb7 1-0

[Event "2. Bundesliga Ost 2014/2015"]
[Site "1020 Wien, Haus des Schachsports, Marathonweg 14"]
[Date "2015.01.25"]
[Round "7"]
[Board "1"]
[White "Stanec, Nikolaus"]
[Black "Videki, Sandor"]
[Result "1/2-1/2"]
[WhiteElo "2492"]
[BlackElo "2380"]
[PlyCount "44"]
[EventDate "2014.10.18"]
[EventType "team"]
[EventRounds "11"]
[EventCountry "AUT"]
[WhiteTeam "SC Donaustadt"]
[BlackTeam "SC Data Technology Pressbaum/E."]

1. Nf3 Nf6 2. g3 g6 3. Bg2 Bg7 4. c4 O-O 5. Nc3 d6 6. O-O e5 7. d4 Nc6 8. d5
Ne7 9. e4 Nd7 10. Ne1 f5 11. Nd3 h6 12. Bd2 Kh7 13. Rc1 a5 14. a3 b6 15. b4
axb4 16. axb4 Nf6 17. f3 h5 18. Bg5 fxe4 19. fxe4 Nfg8 20. Qd2 Bh6 21. Bxh6
Nxh6 22. h3 Ba6 {Rest unleserlich} 1/2-1/2

[Event "2. Bundesliga Ost 2014/2015"]
[Site "1020 Wien, Haus des Schachsports, Marathonweg 14"]
[Date "2015.01.25"]
[Round "7"]
[Board "3"]
[White "Kummer, Helmut"]
[Black "Neumeier, Klaus"]
[Result "0-1"]
[WhiteElo "2354"]
[BlackElo "2268"]
[PlyCount "66"]
[EventDate "2014.10.18"]
[EventType "team"]
[EventRounds "11"]
[EventCountry "AUT"]
[WhiteTeam "SC Donaustadt"]
[BlackTeam "SC Data Technology Pressbaum/E."]

1. d4 d5 2. c4 c6 3. Nf3 Nf6 4. Nc3 e6 5. e3 Nbd7 6. Bd3 Bd6 7. O-O O-O 8. e4
dxc4 9. Bxc4 e5 10. Bg5 Qe7 11. Re1 Rd8 12. Bb3 h6 13. Bxf6 Qxf6 14. d5 Nf8 15.
Qd3 Ng6 16. Qe3 Nf4 17. g3 Bh3 18. Nh4 Bg4 19. f3 Bh3 20. gxf4 Qxh4 21. fxe5
Bxe5 22. Qf2 Qh5 23. Ne2 Rd6 24. Ng3 Qh4 25. Kh1 Rg6 26. Rg1 Bc7 27. dxc6 bxc6
28. f4 Bb6 29. Qf3 Bg4 30. Qg2 Bxg1 31. Rxg1 Rd8 32. Re1 Rd3 33. Bc2 Rxg3 0-1

[Event "2. Bundesliga Ost 2014/2015"]
[Site "1020 Wien, Haus des Schachsports, Marathonweg 14"]
[Date "2015.01.25"]
[Round "7"]
[Board "4"]
[White "Weissenbeck, Manuel"]
[Black "Hansen, Kay"]
[Result "1/2-1/2"]
[WhiteElo "2213"]
[BlackElo "2168"]
[PlyCount "60"]
[EventDate "2014.10.18"]
[EventType "team"]
[EventRounds "11"]
[EventCountry "AUT"]
[WhiteTeam "SC Data Technology Pressbaum/E."]
[BlackTeam "SC Donaustadt"]

1. d4 d5 2. c4 c6 3. Nf3 Nf6 4. e3 e6 5. Nc3 Bd6 6. Bd3 Nbd7 7. O-O O-O 8. Qc2
dxc4 9. Bxc4 e5 10. dxe5 Nxe5 11. Nxe5 Bxe5 12. f4 Bxc3 13. bxc3 Qe7 14. Bd3
Re8 15. c4 c5 16. Re1 b6 17. Bb2 Bb7 18. Bxf6 Qxf6 19. Bxh7+ Kh8 20. Bd3 Rxe3
21. Rxe3 Qxa1+ 22. Bf1 Qd4 23. Qf2 Kg8 24. Re7 Qxf2+ 25. Kxf2 Bc6 26. Rc7 Be4
27. Be2 Kf8 28. Bf3 Bxf3 29. Kxf3 g6 30. Ke4 Re8+ 1/2-1/2

[Event "2. Bundesliga Ost 2014/2015"]
[Site "1020 Wien, Haus des Schachsports, Marathonweg 14"]
[Date "2015.01.25"]
[Round "7"]
[Board "5"]
[White "Schwab, Rene"]
[Black "Hechl, Gerald"]
[Result "1/2-1/2"]
[WhiteElo "2217"]
[BlackElo "2180"]
[PlyCount "72"]
[EventDate "2014.10.18"]
[EventType "team"]
[EventRounds "11"]
[EventCountry "AUT"]
[WhiteTeam "SC Donaustadt"]
[BlackTeam "SC Data Technology Pressbaum/E."]

1. e4 e5 2. Nf3 Nf6 3. Nxe5 d6 4. Nf3 Nxe4 5. d4 d5 6. Be2 Be7 7. Nbd2 Nc6 8.
c3 Nxd2 9. Bxd2 O-O 10. Qc2 Bf6 11. h3 Re8 12. Be3 g6 13. g4 Na5 14. O-O-O Nc4
15. Bxc4 dxc4 16. d5 b5 17. Qd2 Bb7 18. h4 Qd6 19. h5 Rad8 20. Bd4 Bxd5 21.
hxg6 hxg6 22. Qh6 Bxd4 23. Rxd4 Qf6 24. Qh7+ Kf8 25. Qh8+ Qxh8 26. Rxh8+ Ke7
27. Rxe8+ Kxe8 28. Ne1 c5 29. Rd2 Be6 30. Rxd8+ Kxd8 31. g5 Ke7 32. f4 Bd5 33.
Nc2 Ke6 34. Ne3 Be4 35. Kd2 a5 36. a4 Bc6 1/2-1/2

[Event "2. Bundesliga Ost 2014/2015"]
[Site "1020 Wien, Haus des Schachsports, Marathonweg 14"]
[Date "2015.01.25"]
[Round "7"]
[Board "6"]
[White "Wandl, Werner"]
[Black "Schwab, Lukas"]
[Result "1/2-1/2"]
[WhiteElo "2073"]
[BlackElo "1876"]
[PlyCount "62"]
[EventDate "2014.10.18"]
[EventType "team"]
[EventRounds "11"]
[EventCountry "AUT"]
[WhiteTeam "SC Data Technology Pressbaum/E."]
[BlackTeam "SC Donaustadt"]

1. e4 e5 2. Nf3 Nc6 3. Nc3 Nf6 4. d4 exd4 5. Nxd4 Bb4 6. Nxc6 bxc6 7. Bd3 d5 8.
exd5 cxd5 9. O-O O-O 10. Bg5 c6 11. Qf3 Bd6 12. Bxf6 Qxf6 13. Qxf6 gxf6 14. Ne2
Be5 15. c3 Rb8 16. Rab1 Kh8 17. f4 Bc7 18. b4 Rg8 19. Kf2 Bg4 20. g3 Bxe2 21.
Kxe2 Bb6 22. Kd2 a5 23. b5 c5 24. a4 c4 25. Bf5 Rbd8 26. Kc2 Rge8 27. Rbe1 Kg7
28. Bg4 Kf8 29. Bf3 Re6 30. Rd1 Red6 31. Rd2 Be3 1/2-1/2

[Event "2. Bundesliga Ost 2014/2015"]
[Site "1020 Wien, Haus des Schachsports, Marathonweg 14"]
[Date "2015.01.25"]
[Round "7"]
[Board "2"]
[White "Siebrecht, Sebastian"]
[Black "Petran, Peter"]
[Result "1/2-1/2"]
[WhiteElo "2463"]
[BlackElo "2330"]
[PlyCount "124"]
[EventDate "2014.10.18"]
[EventType "team"]
[EventRounds "11"]
[EventCountry "AUT"]
[WhiteTeam "SK Advisory Invest Baden"]
[BlackTeam "ASVOE Mattersburg"]

1. d4 g6 2. c4 Bg7 3. Nc3 d6 4. e4 Nc6 5. d5 Nd4 6. Be3 c5 7. Nge2 e5 8. dxe6
Nxe6 9. Qd2 Nf6 10. f3 O-O 11. h4 a6 12. h5 Qa5 13. Bh6 Rd8 14. Bxg7 Kxg7 15.
hxg6 fxg6 16. Qh6+ Kg8 17. O-O-O Qc7 18. g4 Qg7 19. Qe3 g5 20. Ng3 Nd4 21. Bd3
Re8 22. Nce2 Nc6 23. Nh5 Nxh5 24. Rxh5 Re5 25. Rdh1 Be6 26. Ng3 Nd4 27. Nf5
Bxf5 28. gxf5 Nxf5 29. Qxg5 Qxg5+ 30. Rxg5+ Ng7 31. Rg4 h5 32. Rg3 Rf8 33. Rh4
Kf7 34. f4 Re6 35. f5 Rh6 36. Be2 Rfh8 37. Kd2 Ne8 38. Rb3 Kf6 39. Rxb7 Kg5 40.
Rh3 h4 41. Ke3 R8h7 42. Rxh7 Rxh7 43. Rh2 h3 44. Bf1 Nf6 45. Rxh3 Ng4+ 46. Kd2
Rb7 47. Kc2 Kf4 48. Be2 Nf6 49. Bd3 Rg7 50. Rh6 Ke5 51. Rh3 Rg2+ 52. Kc3 a5 53.
a3 Rf2 54. Rg3 Rf4 55. Kb3 Rf2 56. Kc3 Kf4 57. Rg7 Nxe4+ 58. Bxe4 Kxe4 59. Rg6
Rf3+ 60. Kc2 Kd4 61. Rxd6+ Kxc4 62. f6 Rf2+ 1/2-1/2

[Event "2. Bundesliga Ost 2014/2015"]
[Site "1020 Wien, Haus des Schachsports, Marathonweg 14"]
[Date "2015.01.25"]
[Round "7"]
[Board "3"]
[White "Brod, Manfred"]
[Black "Tuncer, Ufuk"]
[Result "0-1"]
[WhiteElo "2266"]
[BlackElo "2322"]
[PlyCount "62"]
[EventDate "2014.10.18"]
[EventType "team"]
[EventRounds "11"]
[EventCountry "AUT"]
[WhiteTeam "ASVOE Mattersburg"]
[BlackTeam "SK Advisory Invest Baden"]

1. e4 c5 2. Nf3 d6 3. d4 cxd4 4. Nxd4 Nf6 5. Nc3 a6 6. Be2 e5 7. Nb3 Be7 8. Be3
Be6 9. Nd5 Nbd7 10. Qd3 Bxd5 11. exd5 O-O 12. g4 Nb6 13. c4 Rc8 14. Nd2 Nfd7
15. h4 Re8 16. b3 Nc5 17. Bxc5 Rxc5 18. Ne4 Rc8 19. g5 Nd7 20. Bg4 Nc5 21. Nxc5
Rxc5 22. Bf5 g6 23. Be4 Bf8 24. Ke2 b5 25. h5 Bg7 26. hxg6 hxg6 27. Bxg6 e4 28.
Bh7+ Kf8 29. Qg3 bxc4 30. Rac1 Rxd5 31. Rxc4 Rxg5 {Rest unleserlich} 0-1

[Event "2. Bundesliga Ost 2014/2015"]
[Site "1020 Wien, Haus des Schachsports, Marathonweg 14"]
[Date "2015.01.25"]
[Round "7"]
[Board "4"]
[White "Juenger, Heinz"]
[Black "Wiedner, Robert"]
[Result "0-1"]
[WhiteElo "2110"]
[BlackElo "2183"]
[PlyCount "78"]
[EventDate "2014.10.18"]
[EventType "team"]
[EventRounds "11"]
[EventCountry "AUT"]
[WhiteTeam "SK Advisory Invest Baden"]
[BlackTeam "ASVOE Mattersburg"]

1. d4 Nf6 2. c4 e6 3. g3 Ne4 4. Bg2 Bb4+ 5. Nd2 Nxd2 6. Bxd2 Bxd2+ 7. Qxd2 Qe7
8. Nf3 d6 9. Qc3 Nd7 10. O-O O-O 11. b4 Re8 12. e4 e5 13. d5 b6 14. Ne1 a5 15.
a3 Rf8 16. Nd3 f5 17. exf5 Rxf5 18. Rae1 Qg5 19. f4 exf4 20. gxf4 Qd8 21. Re3
axb4 22. axb4 Nf6 23. Rfe1 Bd7 24. Re7 Rh5 25. Nf2 Rh6 26. Kh1 Ra2 27. R7e2 Qa8
28. Kg1 Rg6 29. Kh1 c5 30. bxc5 bxc5 31. Ne4 Rxe2 32. Rxe2 Qa4 33. Nxd6 Ng4 34.
Ne4 Bf5 35. Nxc5 Qa7 36. Qd4 h5 37. Be4 Bxe4+ 38. Rxe4 Qa2 39. Qg1 Nf2+ 0-1

[Event "2. Bundesliga Ost 2014/2015"]
[Site "1020 Wien, Haus des Schachsports, Marathonweg 14"]
[Date "2015.01.25"]
[Round "7"]
[Board "5"]
[White "Salamon, Werner"]
[Black "Zojer, Stefan"]
[Result "1/2-1/2"]
[WhiteElo "2116"]
[BlackElo "2093"]
[PlyCount "85"]
[EventDate "2014.10.18"]
[EventType "team"]
[EventRounds "11"]
[EventCountry "AUT"]
[WhiteTeam "ASVOE Mattersburg"]
[BlackTeam "SK Advisory Invest Baden"]

1. e4 e5 2. Nf3 Nc6 3. Bb5 a6 4. Bxc6 dxc6 5. O-O Bg4 6. h3 Bh5 7. d3 f6 8.
Nbd2 Ne7 9. Re1 c5 10. Nf1 Nc6 11. Ng3 Bf7 12. Be3 Qd7 13. Qe2 Be6 14. Nd2
O-O-O 15. Nb3 Nd4 16. Bxd4 cxd4 17. Red1 h5 18. c3 Rh6 19. cxd4 exd4 20. Rac1
h4 21. Nf5 Bxf5 22. exf5 Qxf5 23. Rc4 Qe5 24. Re1 Bd6 25. Qg4+ f5 26. Rxe5 fxg4
27. Re4 gxh3 28. gxh3 Rg6+ 29. Kf1 Rf6 30. Rexd4 Rdf8 31. Ke1 g5 32. Nd2 Bf4
33. Ne4 Rf5 34. Rc2 Be5 35. Rd5 Bf4 36. Rcc5 Rxd5 37. Rxd5 g4 38. Rh5 gxh3 39.
Rxh4 h2 40. Ng3 Bxg3 41. fxg3 Rf3 42. Rxh2 Rxg3 43. Kd2 1/2-1/2

[Event "2. Bundesliga Ost 2014/2015"]
[Site "1020 Wien, Haus des Schachsports, Marathonweg 14"]
[Date "2015.01.25"]
[Round "7"]
[Board "1"]
[White "Stohl, Igor"]
[Black "Pacher, Milan"]
[Result "0-1"]
[WhiteElo "2501"]
[BlackElo "2431"]
[PlyCount "25"]
[EventDate "2014.10.18"]
[EventType "team"]
[EventRounds "11"]
[EventCountry "AUT"]
[WhiteTeam "SG Hietzing/Ottakring"]
[BlackTeam "SK Austria"]

1. d4 d5 2. Nf3 Nf6 3. c4 e6 4. g3 Be7 5. Bg2 O-O 6. O-O dxc4 7. Qa4 a6 8. Qxc4
b5 9. Qc2 Bb7 10. Bd2 Be4 11. Qc1 c6 12. Be3 Nbd7 13. Nc3 {Rest unleserlich}
 0-1

[Event "2. Bundesliga Ost 2014/2015"]
[Site "1020 Wien, Haus des Schachsports, Marathonweg 14"]
[Date "2015.01.25"]
[Round "7"]
[Board "2"]
[White "Hangweyrer, Manfred"]
[Black "Beck, Hartmuth"]
[Result "1/2-1/2"]
[WhiteElo "2362"]
[BlackElo "2362"]
[PlyCount "47"]
[EventDate "2014.10.18"]
[EventType "team"]
[EventRounds "11"]
[EventCountry "AUT"]
[WhiteTeam "SK Austria"]
[BlackTeam "SG Hietzing/Ottakring"]

1. Nf3 f5 2. d3 d6 3. e4 e5 4. Nc3 Nf6 5. exf5 Bxf5 6. d4 e4 7. Nh4 Bg4 8. f3
exf3 9. Nxf3 Nc6 10. Be2 Be7 11. O-O Qd7 12. Ng5 Bxe2 13. Nxe2 h6 14. Nf3 O-O-O
15. c3 Rde8 16. Qd3 Bd8 17. Ng3 Rhg8 18. Bd2 Qg4 19. Rae1 a5 20. c4 d5 21. Rc1
Qd7 22. cxd5 Nxd5 23. a3 Rgf8 24. b4 1/2-1/2

[Event "2. Bundesliga Ost 2014/2015"]
[Site "1020 Wien, Haus des Schachsports, Marathonweg 14"]
[Date "2015.01.25"]
[Round "7"]
[Board "3"]
[White "Menezes, Christoph"]
[Black "Plachetka, Jan"]
[Result "1-0"]
[WhiteElo "2263"]
[BlackElo "2363"]
[PlyCount "63"]
[EventDate "2014.10.18"]
[EventType "team"]
[EventRounds "11"]
[EventCountry "AUT"]
[WhiteTeam "SG Hietzing/Ottakring"]
[BlackTeam "SK Austria"]

1. Nf3 c5 2. c4 g6 3. Nc3 Bg7 4. g3 Nc6 5. Bg2 e6 6. O-O Nge7 7. d3 O-O 8. Bg5
h6 9. Bd2 d5 10. Qc1 Kh7 11. Rb1 b6 12. a3 Bb7 13. b4 cxb4 14. axb4 dxc4 15.
dxc4 Rc8 16. Rd1 Qc7 17. Nb5 Qb8 18. Nd6 Qxd6 19. Bf4 Qxd1+ 20. Qxd1 Rfd8 21.
Bd2 Nxb4 22. Qb3 Na6 23. Be3 Nc5 24. Qa3 Be4 25. Ng5+ hxg5 26. Bxe4 Rd7 27. Bf3
Bf6 28. Rb5 Nf5 29. Bxc5 bxc5 30. Qa6 Rdc7 31. Rb7 Rxb7 32. Bxb7 {Rest
unleserlich} 1-0

[Event "2. Bundesliga Ost 2014/2015"]
[Site "1020 Wien, Haus des Schachsports, Marathonweg 14"]
[Date "2015.01.25"]
[Round "7"]
[Board "4"]
[White "Higatsberger, Michael"]
[Black "Penz, Harald"]
[Result "1/2-1/2"]
[WhiteElo "2137"]
[BlackElo "2321"]
[PlyCount "66"]
[EventDate "2014.10.18"]
[EventType "team"]
[EventRounds "11"]
[EventCountry "AUT"]
[WhiteTeam "SK Austria"]
[BlackTeam "SG Hietzing/Ottakring"]

1. e4 e5 2. Nf3 Nf6 3. Nxe5 d6 4. Nf3 Nxe4 5. Nc3 Nxc3 6. dxc3 Be7 7. Bf4 Nc6
8. Bd3 Be6 9. Qd2 Qd7 10. O-O-O O-O-O 11. Kb1 h6 12. Bb5 g5 13. Be3 a6 14. Ba4
b5 15. Bb3 Bf6 16. Bd4 Bxd4 17. Bxe6 Qxe6 18. Nxd4 Qd5 19. Nxc6 Qxc6 20. f3
Rde8 21. Rhe1 Rxe1 22. Rxe1 Re8 23. b3 Re5 24. Kb2 f5 25. Re2 Kb7 26. Qd3 Qe8
27. Rxe5 Qxe5 28. g3 c5 29. a3 Kc6 30. a4 Kb6 31. axb5 axb5 32. Kc1 Kc6 33. Kd2
Qe6 1/2-1/2

[Event "2. Bundesliga Ost 2014/2015"]
[Site "1020 Wien, Haus des Schachsports, Marathonweg 14"]
[Date "2015.01.25"]
[Round "7"]
[Board "6"]
[White "Rogetzer, Klaus"]
[Black "Steiner, Adam"]
[Result "0-1"]
[WhiteElo "2111"]
[BlackElo "2247"]
[PlyCount "80"]
[EventDate "2014.10.18"]
[EventType "team"]
[EventRounds "11"]
[EventCountry "AUT"]
[WhiteTeam "SK Austria"]
[BlackTeam "SG Hietzing/Ottakring"]

1. d4 Nf6 2. c4 e5 3. dxe5 Ng4 4. Nf3 Bc5 5. e3 Nc6 6. Be2 Ngxe5 7. O-O Nxf3+
8. Bxf3 Ne5 9. Be2 O-O 10. b3 Re8 11. Bb2 a5 12. Bd4 Bf8 13. Nc3 Nc6 14. Bd3
Nxd4 15. exd4 Ra6 16. Re1 Rxe1+ 17. Qxe1 Re6 18. Qf1 Qh4 19. Bf5 Rh6 20. h3
Qxd4 21. Nd5 c6 22. Rd1 Qc5 23. Ne3 Rd6 24. Rd3 g6 25. Bg4 f5 26. Bf3 Re6 27.
Qd1 Qe5 28. Nc2 Rd6 29. Nd4 Bg7 30. Ne2 Rxd3 31. Qxd3 Qa1+ 32. Kh2 Be5+ 33. g3
Qxa2 34. Bd5+ Kg7 35. f4 Bf6 36. Bf3 Qa3 37. g4 fxg4 38. hxg4 Qc5 39. Kg2 d6
40. Qe4 Kf7 0-1